[Event "Benidorm 2002 - sub2300"]
[Site "Benidorm ESP"]
[Date "2002.11.25"]
[Round "4.16"]
[White "Daude Puvill, Antonio"]
[Black "Lacrosse, Marc"]
[Result "0-1"]
[WhiteElo "2178"]
[BlackElo "2256"]
[PlyCount "41"]
[EventDate "2002.11.22"]
[EventType "swiss"]
[EventRounds "9"]
[EventCountry "ESP"]
[Source "lmi"]
[SourceDate "2002.11.24"]

1. e4 e5 2. Nf3 Nc6 3. Bc4 Bc5 4. O-O d6 5. h3 Nf6 6. Re1 O-O 7. c3 Nxe4 8.
Rxe4 d5 9. d4 exd4 10. Ng5 dxc4 11. Nxh7 Bf5 12. Bg5 f6 13. Nxf6+ gxf6 14. Bh6
Bxe4 15. Qg4+ Kf7 16. Qxe4 Rh8 17. Qf5 Rxh6 18. Qxc5 Qd6 19. Qxc4+ Qe6 20. Qf1
Rd8 21. Nd2 0-1

[Event "Benidorm 2002 - sub2300"]
[Site "Benidorm ESP"]
[Date "2002.11.25"]
[Round "4.17"]
[White "Salcedo Tornero, Pablo"]
[Black "Bosque Ortega, Javier"]
[Result "1/2-1/2"]
[WhiteElo "2179"]
[BlackElo "2249"]
[PlyCount "126"]
[EventDate "2002.11.22"]
[EventType "swiss"]
[EventRounds "9"]
[EventCountry "ESP"]
[Source "lmi"]
[SourceDate "2002.11.24"]

1. e4 c6 2. d3 d5 3. Nd2 g6 4. Ngf3 Bg7 5. g3 dxe4 6. Nxe4 Nd7 7. Bg2 Ngf6 8.
O-O O-O 9. Qe2 Nxe4 10. Qxe4 Nf6 11. Qh4 Bg4 12. Bh6 Bxf3 13. Bxf3 Qb6 14. Bxg7
Kxg7 15. Qc4 Rad8 16. Rfe1 Rd4 17. Qc3 e6 18. b3 Rfd8 19. Re5 R4d6 20. Re4 Rd4
21. Re5 R8d6 22. Qa5 Qxa5 23. Rxa5 a6 24. Re1 Rd8 25. h4 Nd7 26. Re4 Rd6 27.
Rb4 Rb8 28. d4 Kf8 29. Kf1 Ke7 30. Ke2 Kd8 31. h5 Kc7 32. hxg6 hxg6 33. Ke3 Nf6
34. Rc4 Nd5+ 35. Bxd5 exd5 36. Rc3 Re8+ 37. Kd2 Rf6 38. f3 Kb6 39. Rac5 Rfe6
40. Rd3 Re1 41. Kc3 Kc7 42. Kb2 b6 43. Rcc3 b5 44. b4 R8e6 45. g4 Kd6 46. Ra3
R1e2 47. Rxa6 R6e3 48. Raa3 Rxd3 49. Rxd3 f5 50. gxf5 gxf5 51. Kb3 f4 52. Kb2
Kc7 53. Kc1 Rf2 54. Kd1 Kd6 55. Ke1 Rxc2 56. a3 Ke6 57. Kd1 Rc4 58. Kd2 Kf5 59.
Kd1 Kg5 60. Kd2 Kh4 61. Kd1 Kg3 62. Kd2 Kf2 63. Kd1 Kf1 1/2-1/2

[Event "Benidorm 2002 - sub2300"]
[Site "Benidorm ESP"]
[Date "2002.11.25"]
[Round "4.18"]
[White "Ramirez Gonzalez, Joan Albert"]
[Black "Fenollar Jorda, Manuel"]
[Result "0-1"]
[WhiteElo "2173"]
[BlackElo "2235"]
[PlyCount "64"]
[EventDate "2002.11.22"]
[EventType "swiss"]
[EventRounds "9"]
[EventCountry "ESP"]
[Source "lmi"]
[SourceDate "2002.11.24"]

1. e4 e5 2. Nc3 Nf6 3. g3 Nc6 4. Bg2 Bc5 5. Nge2 d6 6. Na4 Bg4 7. h3 Be6 8. d3
Bb4+ 9. c3 Ba5 10. b4 Bb6 11. O-O Qd7 12. Kh2 h5 13. Nxb6 axb6 14. f4 Qe7 15.
b5 Na5 16. f5 Bd7 17. c4 c6 18. a4 c5 19. Bg5 Ng4+ 20. hxg4 Qxg5 21. Nc3 hxg4+
22. Kg1 Qe3+ 23. Rf2 Qxg3 24. Nd5 O-O-O 25. Nxb6+ Kb8 26. Raa2 Rh2 27. Nxd7+
Rxd7 28. Kf1 Rd8 29. Qd2 b6 30. Rb2 Rdh8 31. Qg5 Rxg2 32. Rxg2 Rh1+ 0-1

[Event "Benidorm 2002 - sub2300"]
[Site "Benidorm ESP"]
[Date "2002.11.25"]
[Round "4.19"]
[White "Rocabert Andreu, Guillermo"]
[Black "Fernandez Manrique, Agustin"]
[Result "1-0"]
[WhiteElo "2234"]
[BlackElo "2130"]
[PlyCount "61"]
[EventDate "2002.11.22"]
[EventType "swiss"]
[EventRounds "9"]
[EventCountry "ESP"]
[Source "lmi"]
[SourceDate "2002.11.24"]

1. Nf3 Nf6 2. g3 g6 3. Bg2 Bg7 4. O-O O-O 5. c4 d6 6. d4 c6 7. Nc3 Qb6 8. b3
Qa5 9. Bb2 Qh5 10. Re1 Bh3 11. Bh1 Nbd7 12. e4 Ng4 13. Ne2 g5 14. Qd2 h6 15.
Rad1 f5 16. e5 dxe5 17. dxe5 Nc5 18. Nc3 Ne6 19. Qd7 Nf4 20. gxf4 Nf6 21. Qe6+
Kh8 22. Ne2 Qg4+ 23. Ng3 Nh5 24. fxg5 Nf4 25. Qxe7 Rfe8 26. Qxb7 Rad8 27. gxh6
Ne2+ 28. Rxe2 Rxd1+ 29. Re1 Rxe1+ 30. Nxe1 Bxh6 31. Qxc6 1-0

[Event "Benidorm 2002 - sub2300"]
[Site "Benidorm ESP"]
[Date "2002.11.25"]
[Round "4.20"]
[White "Navarro Alonso, Jorge Luis"]
[Black "Gonzalez Aguirre, Luis"]
[Result "1-0"]
[WhiteElo "2156"]
[BlackElo "2232"]
[PlyCount "102"]
[EventDate "2002.11.22"]
[EventType "swiss"]
[EventRounds "9"]
[EventCountry "ESP"]
[Source "lmi"]
[SourceDate "2002.11.24"]

1. e4 c6 2. d4 d5 3. exd5 cxd5 4. Bd3 Nc6 5. c3 Qc7 6. Ne2 Bg4 7. f3 Bh5 8. Bf4
Qd7 9. Bg3 Bg6 10. O-O Nf6 11. Nf4 Nh5 12. Nxh5 Bxh5 13. Nd2 e6 14. Nb3 b6 15.
a4 Bd6 16. Bxd6 Qxd6 17. Qd2 Bg6 18. f4 O-O 19. Rae1 Ne7 20. g4 Bxd3 21. Qxd3
Rae8 22. Nd2 Ng6 23. Qg3 f6 24. f5 Qxg3+ 25. hxg3 exf5 26. gxf5 Ne7 27. Re6 Kf7
28. a5 bxa5 29. Ra6 Rb8 30. b3 Rfc8 31. c4 dxc4 32. Nxc4 Rc6 33. Rxa7 Kf8 34.
g4 Nc8 35. Rd7 Ra6 36. Re1 Nb6 37. Nxb6 Raxb6 38. Ree7 Rxb3 39. Rxg7 Rb1+ 40.
Kf2 R8b2+ 41. Kf3 Rf1+ 42. Ke4 Rh1 43. Rgf7+ Ke8 44. Rde7+ Kd8 45. Ra7 Ke8 46.
Rxf6 Rh4 47. Re6+ Kd8 48. Ke5 Rxg4 49. Rxh7 a4 50. Ra6 Re2+ 51. Kd5 Re7 1-0

[Event "Benidorm 2002 - sub2300"]
[Site "Benidorm ESP"]
[Date "2002.11.26"]
[Round "5.1"]
[White "Fontana Sotomayor, Luis J."]
[Black "Milla de Marco, Carlos"]
[Result "1-0"]
[WhiteElo "2268"]
[BlackElo "2041"]
[PlyCount "83"]
[EventDate "2002.11.22"]
[EventType "swiss"]
[EventRounds "9"]
[EventCountry "ESP"]
[Source "lmi"]
[SourceDate "2002.11.24"]

1. Nc3 e5 2. Nf3 d6 3. d4 Nd7 4. e4 Ngf6 5. Bc4 Be7 6. O-O O-O 7. Re1 c6 8. a4
a5 9. h3 exd4 10. Qxd4 Nc5 11. Bf4 Be6 12. Rad1 Ne8 13. Bf1 Qb6 14. Qe3 Qb4 15.
b3 Rd8 16. Nd4 g6 17. Nd5 Bxd5 18. exd5 Bf6 19. dxc6 Bxd4 20. Rxd4 Qb6 21. cxb7
Qxb7 22. Bg5 Ng7 23. Bxd8 Nf5 24. Qc3 Nxd4 25. Qxd4 Rxd8 26. Qf6 Qc8 27. Re7
Qf5 28. Qxf5 gxf5 29. Bb5 d5 30. Ra7 d4 31. Rxa5 Nxb3 32. cxb3 d3 33. Bxd3 Rxd3
34. b4 Rd1+ 35. Kh2 Rb1 36. Rb5 Ra1 37. a5 f4 38. Rb6 Ra2 39. a6 Kg7 40. b5
Rxf2 41. a7 Ra2 42. Ra6 1-0

[Event "Benidorm 2002 - sub2300"]
[Site "Benidorm ESP"]
[Date "2002.11.26"]
[Round "5.2"]
[White "Taboas Rodriguez, Daniel"]
[Black "Rodriguez Gonzalez, Javier"]
[Result "1/2-1/2"]
[WhiteElo "2298"]
[BlackElo "2142"]
[PlyCount "49"]
[EventDate "2002.11.22"]
[EventType "swiss"]
[EventRounds "9"]
[EventCountry "ESP"]
[Source "lmi"]
[SourceDate "2002.11.24"]

1. d4 d5 2. Nf3 Nf6 3. c4 e6 4. Nc3 c6 5. g3 Nbd7 6. Bg2 Be7 7. O-O O-O 8. Qd3
b6 9. cxd5 exd5 10. Rd1 Bb7 11. b3 Re8 12. Bb2 Bf8 13. Ng5 h6 14. Nh3 Bd6 15.
Bc1 a5 16. Bf4 Ba6 17. Qc2 Bb4 18. e4 Bxc3 19. Qxc3 dxe4 20. Qxc6 Rc8 21. Qd6
Re6 22. Qa3 Nd5 23. Bd2 N7f6 24. b4 Qe7 25. Nf4 1/2-1/2

[Event "Benidorm 2002 - sub2300"]
[Site "Benidorm ESP"]
[Date "2002.11.26"]
[Round "5.3"]
[White "Ballesteros Gonzalez, David"]
[Black "Contreras Rodriguez, Henry"]
[Result "0-1"]
[WhiteElo "2277"]
[BlackElo "2286"]
[PlyCount "80"]
[EventDate "2002.11.22"]
[EventType "swiss"]
[EventRounds "9"]
[EventCountry "ESP"]
[Source "lmi"]
[SourceDate "2002.11.24"]

1. e4 c5 2. Nf3 d6 3. d4 cxd4 4. Nxd4 Nf6 5. Nc3 a6 6. f3 e6 7. Be3 b5 8. Qd2
Bb7 9. g4 Nfd7 10. O-O-O Nb6 11. Nb3 Nc6 12. Qf2 Nd7 13. Rg1 Rc8 14. Kb1 Na5
15. Bd3 Nc4 16. Bc1 Ndb6 17. f4 b4 18. Ne2 a5 19. e5 a4 20. Nbd4 Bd5 21. b3
axb3 22. cxb3 Na3+ 23. Bxa3 bxa3 24. Bb5+ Nd7 25. Rc1 Rxc1+ 26. Rxc1 dxe5 27.
Nc6 Be4+ 28. Ka1 Bxc6 29. Bxc6 Bd6 30. Qa7 exf4 31. g5 f3 32. Ng3 O-O 33. Bxd7
Qxg5 34. Kb1 Qd2 35. Rc2 Qd1+ 36. Rc1 Qd3+ 37. Rc2 Bf4 38. Qg1 Qxd7 39. Ne4 Qd3
40. Nc5 f2 0-1

[Event "Benidorm 2002 - sub2300"]
[Site "Benidorm ESP"]
[Date "2002.11.26"]
[Round "5.4"]
[White "Mate Adan, Carlos"]
[Black "Rocabert Andreu, Guillermo"]
[Result "0-1"]
[WhiteElo "2296"]
[BlackElo "2234"]
[PlyCount "78"]
[EventDate "2002.11.22"]
[EventType "swiss"]
[EventRounds "9"]
[EventCountry "ESP"]
[Source "lmi"]
[SourceDate "2002.11.24"]

1. e4 Nf6 2. e5 Nd5 3. c4 Nb6 4. c5 Nd5 5. Bc4 e6 6. Nc3 Nxc3 7. dxc3 Qh4 8.
Qe2 Bxc5 9. g3 Qe7 10. Nf3 d5 11. Bd3 Nc6 12. b4 Bb6 13. a4 a6 14. O-O f6 15.
a5 Ba7 16. Bf4 O-O 17. Kg2 Bd7 18. exf6 Qxf6 19. Bxc7 Rae8 20. Bd6 e5 21. Bxf8
Rxf8 22. Ng1 e4 23. Bb1 Qxc3 24. Ba2 Nxb4 25. Qxe4 Bc6 26. Qe6+ Kh8 27. Qd6 Bc5
28. Qe6 d4+ 29. f3 Re8 30. Qb3 Nxa2 31. Qxa2 d3 32. Rac1 Qd4 33. Qc4 d2 34.
Qxc5 Qxc5 35. Rxc5 Re1 36. Re5 Rxf1 37. Kxf1 d1=Q+ 38. Kg2 h6 39. g4 Qd4 0-1

[Event "Benidorm 2002 - sub2300"]
[Site "Benidorm ESP"]
[Date "2002.11.26"]
[Round "5.5"]
[White "Anglada Lobarte, Jose Andres"]
[Black "Bolado Saez, Sergio"]
[Result "1/2-1/2"]
[WhiteElo "2231"]
[BlackElo "2288"]
[PlyCount "28"]
[EventDate "2002.11.22"]
[EventType "swiss"]
[EventRounds "9"]
[EventCountry "ESP"]
[Source "lmi"]
[SourceDate "2002.11.24"]

1. e4 c5 2. f4 e6 3. Nf3 Nc6 4. d3 d6 5. g3 g6 6. Bg2 Bg7 7. O-O Nge7 8. c3 O-O
9. Be3 b6 10. Bf2 Bb7 11. Na3 Qd7 12. d4 cxd4 13. cxd4 Nb4 14. Qd2 a5 1/2-1/2

[Event "Benidorm 2002 - sub2300"]
[Site "Benidorm ESP"]
[Date "2002.11.26"]
[Round "5.6"]
[White "Ferron Garcia, Carlos"]
[Black "Pascual Paredes, Javier"]
[Result "1/2-1/2"]
[WhiteElo "2283"]
[BlackElo "2220"]
[PlyCount "57"]
[EventDate "2002.11.22"]
[EventType "swiss"]
[EventRounds "9"]
[EventCountry "ESP"]
[Source "lmi"]
[SourceDate "2002.11.24"]

1. e4 c6 2. Nc3 d5 3. Qf3 dxe4 4. Nxe4 Nd7 5. d4 Ngf6 6. Bc4 e6 7. Nxf6+ Qxf6
8. Be3 Qxf3 9. Nxf3 Bd6 10. O-O-O b6 11. Nd2 Nf6 12. Be2 Bb7 13. c4 O-O 14. f4
Rfc8 15. Bf3 Rab8 16. Ne4 Nxe4 17. Bxe4 f5 18. Bf3 Rc7 19. Kb1 c5 20. Bxb7
Rbxb7 21. dxc5 Bxc5 22. Bxc5 Rxc5 23. b3 e5 24. fxe5 Rxe5 25. Rd2 Kf7 26. Rhd1
g5 27. Kc2 Rbe7 28. Kc3 f4 29. Rd5 1/2-1/2

[Event "Benidorm 2002 - sub2300"]
[Site "Benidorm ESP"]
[Date "2002.11.26"]
[Round "5.7"]
[White "Renteria Becerra, Jorge"]
[Black "Rodrigues, Afonso"]
[Result "1-0"]
[WhiteElo "2280"]
[BlackElo "2218"]
[PlyCount "81"]
[EventDate "2002.11.22"]
[EventType "swiss"]
[EventRounds "9"]
[EventCountry "ESP"]
[Source "lmi"]
[SourceDate "2002.11.24"]

1. e4 e6 2. d4 d5 3. Nc3 Nf6 4. Bg5 Be7 5. e5 Nfd7 6. h4 a6 7. Qg4 f5 8. Qh5+
g6 9. Qh6 Bxg5 10. hxg5 Kf7 11. f4 Nf8 12. O-O-O Rg8 13. Nf3 Rg7 14. Nd2 Kg8
15. g4 b5 16. Bg2 c6 17. Kb1 a5 18. Nb3 Na6 19. Qh4 Raa7 20. Qg3 a4 21. Nc1 Qa5
22. Qe1 b4 23. N3e2 Qb6 24. Ng3 Nc7 25. Rh3 Nb5 26. Qxb4 Rgb7 27. Nge2 fxg4 28.
Rg3 Nd7 29. Nc3 Nxc3+ 30. Qxc3 Ra5 31. Nd3 Rb5 32. a3 c5 33. dxc5 Nxc5 34. Nb4
Qa5 35. Rxg4 Bd7 36. Qd2 Na6 37. c3 Rc5 38. Rg3 Bb5 39. f5 gxf5 40. g6 Qd8 41.
gxh7+ 1-0

[Event "Benidorm 2002 - sub2300"]
[Site "Benidorm ESP"]
[Date "2002.11.26"]
[Round "5.8"]
[White "Kuzev, Jordan"]
[Black "Gomez Anadon, Daniel"]
[Result "1/2-1/2"]
[WhiteElo "2277"]
[BlackElo "2218"]
[PlyCount "118"]
[EventDate "2002.11.22"]
[EventType "swiss"]
[EventRounds "9"]
[EventCountry "ESP"]
[Source "lmi"]
[SourceDate "2002.11.24"]

1. Nf3 Nf6 2. c4 e6 3. g3 d5 4. Bg2 dxc4 5. Ne5 Nbd7 6. Nxc4 c5 7. O-O Be7 8.
Nc3 O-O 9. d3 Nb6 10. Qb3 Nbd5 11. Bg5 h6 12. Bd2 b6 13. a3 Bb7 14. Rfe1 Rc8
15. e4 Nxc3 16. Bxc3 Nd7 17. a4 Qc7 18. Qd1 Rfd8 19. b3 Bf8 20. Qg4 Re8 21.
Rec1 a6 22. Bb2 b5 23. axb5 axb5 24. Na5 Ne5 25. Qe2 Red8 26. d4 Rxd4 27. Nxb7
Qxb7 28. Bc3 Nd3 29. Bxd4 Nxc1 30. Rxc1 cxd4 31. Rxc8 Qxc8 32. Qxb5 Qc2 33. Bf1
Qxe4 34. Bd3 Qe1+ 35. Kg2 Qb4 36. Qd7 Qd6 37. Qb7 g6 38. Qe4 Kg7 39. Qb7 Be7
40. Kf1 h5 41. h4 Qb4 42. Qe4 Bf6 43. Bc4 Qd6 44. Kg2 Qe5 45. Qb7 Qf5 46. Qd7
Qe4+ 47. Kf1 g5 48. hxg5 Bxg5 49. Qb5 Qf5 50. Qxf5 exf5 51. Be2 Kg6 52. Bd3 Bd2
53. Ke2 Bb4 54. Kf3 Kg5 55. Bc4 f6 56. Bd3 Bd6 57. Be2 f4 58. Bd3 f5 59. Bf1
fxg3 1/2-1/2

[Event "Benidorm 2002 - sub2300"]
[Site "Benidorm ESP"]
[Date "2002.11.26"]
[Round "5.9"]
[White "Lacrosse, Marc"]
[Black "Serrano Marhuenda, Salvador"]
[Result "1/2-1/2"]
[WhiteElo "2256"]
[BlackElo "2196"]
[PlyCount "66"]
[EventDate "2002.11.22"]
[EventType "swiss"]
[EventRounds "9"]
[EventCountry "ESP"]
[Source "lmi"]
[SourceDate "2002.11.24"]

1. d4 Nf6 2. c4 c5 3. d5 g6 4. Nc3 Bg7 5. Nf3 d6 6. e4 O-O 7. h3 e6 8. Bd3 exd5
9. cxd5 b5 10. Nxb5 Nxe4 11. O-O Ba6 12. Qa4 Qb6 13. Qxe4 Bxb5 14. Bxb5 Qxb5
15. a4 Qb7 16. Bf4 Na6 17. Rfd1 Rfe8 18. Qc4 Bf8 19. Nd2 f5 20. g4 Qb4 21. Re1
Rab8 22. gxf5 gxf5 23. Rxe8 Rxe8 24. Ra3 Kf7 25. Rf3 Qxc4 26. Nxc4 Kf6 27. Bxd6
Re4 28. Bxf8 Rxc4 29. d6 Nb8 30. Rb3 Nd7 31. Be7+ Ke6 32. Re3+ Re4 33. Rxe4+
fxe4 1/2-1/2

[Event "Benidorm 2002 - sub2300"]
[Site "Benidorm ESP"]
[Date "2002.11.26"]
[Round "5.10"]
[White "Buenafe Moya, Javier"]
[Black "Navarro Alonso, Jorge Luis"]
[Result "1-0"]
[WhiteElo "2254"]
[BlackElo "2156"]
[PlyCount "59"]
[EventDate "2002.11.22"]
[EventType "swiss"]
[EventRounds "9"]
[EventCountry "ESP"]
[Source "lmi"]
[SourceDate "2002.11.24"]

1. c4 e6 2. Nc3 d5 3. d4 c6 4. e3 Nf6 5. Nf3 Nbd7 6. Bd3 dxc4 7. Bxc4 b5 8. Bd3
b4 9. Ne4 Be7 10. O-O O-O 11. Ne5 Nxe5 12. Nxf6+ Bxf6 13. dxe5 Bxe5 14. Bxh7+
Kxh7 15. Qh5+ Kg8 16. Qxe5 Ba6 17. Re1 Qd5 18. Qf4 c5 19. a3 e5 20. Qg3 Bd3 21.
e4 Bxe4 22. Bh6 Bg6 23. Rxe5 Qd4 24. h4 gxh6 25. h5 Qxb2 26. Rae1 Kg7 27. hxg6
fxg6 28. Re7+ Rf7 29. Rxf7+ Kxf7 30. Qf3+ 1-0

[Event "Benidorm 2002 - sub2300"]
[Site "Benidorm ESP"]
[Date "2002.11.26"]
[Round "5.11"]
[White "Fenollar Jorda, Manuel"]
[Black "Estrada Martinez, Cesar"]
[Result "1-0"]
[WhiteElo "2235"]
[BlackElo "2181"]
[PlyCount "77"]
[EventDate "2002.11.22"]
[EventType "swiss"]
[EventRounds "9"]
[EventCountry "ESP"]
[Source "lmi"]
[SourceDate "2002.11.24"]

1. e4 c5 2. Nf3 g6 3. c4 Bg7 4. d4 cxd4 5. Nxd4 Nc6 6. Be3 Nf6 7. Nc3 Ng4 8.
Qxg4 Nxd4 9. Qd1 Ne6 10. Rc1 O-O 11. Qd2 Qa5 12. Bd3 d6 13. O-O Nc5 14. Bb1 Na4
15. Bd4 Bxd4 16. Qxd4 Nxc3 17. Rxc3 Qc5 18. Rd1 Qxd4 19. Rxd4 b6 20. f4 Bb7 21.
e5 dxe5 22. fxe5 Rfd8 23. Rcd3 Rxd4 24. Rxd4 Bc6 25. Kf2 Kf8 26. g3 Ke8 27. Ke3
Rd8 28. b4 Rxd4 29. Kxd4 Kd7 30. c5 f6 31. cxb6 axb6 32. Bc2 Ke6 33. exf6 exf6
34. a4 f5 35. a5 bxa5 36. bxa5 h6 37. a6 g5 38. a7 h5 39. Ba4 1-0

[Event "Benidorm 2002 - sub2300"]
[Site "Benidorm ESP"]
[Date "2002.11.26"]
[Round "5.12"]
[White "Cardenas Valero, Ramon"]
[Black "Riquelme Valero, Manuel"]
[Result "1/2-1/2"]
[WhiteElo "2300"]
[BlackElo "2193"]
[PlyCount "34"]
[EventDate "2002.11.22"]
[EventType "swiss"]
[EventRounds "9"]
[EventCountry "ESP"]
[Source "lmi"]
[SourceDate "2002.11.24"]

1. e4 c6 2. f4 d5 3. e5 Bf5 4. d4 e6 5. Bd3 Nh6 6. Nf3 Bxd3 7. Qxd3 Qa5+ 8. c3
Qa6 9. Qxa6 Nxa6 10. a4 c5 11. Na3 cxd4 12. Nxd4 Nc5 13. Nac2 g6 14. Be3 a6 15.
Ke2 Ne4 16. Nb3 Nf5 17. Nd2 Nxd2 1/2-1/2

[Event "Benidorm 2002 - sub2300"]
[Site "Benidorm ESP"]
[Date "2002.11.26"]
[Round "5.13"]
[White "Gabaldon Gomez, Miguel A."]
[Black "Baños, Oscar"]
[Result "1/2-1/2"]
[WhiteElo "2181"]
[BlackElo "2284"]
[PlyCount "124"]
[EventDate "2002.11.22"]
[EventType "swiss"]
[EventRounds "9"]
[EventCountry "ESP"]
[Source "lmi"]
[SourceDate "2002.11.24"]

1. Nf3 d5 2. d4 Nf6 3. c4 c6 4. Nc3 a6 5. Bg5 dxc4 6. a4 Qa5 7. Bd2 Qf5 8. e3
b5 9. Ne5 Bb7 10. g4 Qc8 11. Bg2 Nbd7 12. Nxf7 Kxf7 13. Qf3 Rb8 14. g5 c5 15.
d5 Ne5 16. Qg3 Nd3+ 17. Kf1 Nh5 18. Qf3+ Nf6 19. gxf6 exf6 20. axb5 axb5 21.
Bh3 Qe8 22. Be6+ Ke7 23. Ra7 b4 24. Nd1 Qb5 25. Kg2 Qb6 26. Ra1 Qxe6 27. dxe6
Bxf3+ 28. Kxf3 Kxe6 29. Ke2 Bd6 30. b3 Ra8 31. Rb1 g5 32. bxc4 Ne5 33. Nb2 Ra2
34. f4 gxf4 35. exf4 Nc6 36. Be3 Rha8 37. Rhd1 R8a3 38. Rd3 Rc3 39. Bd2 Rc2 40.
f5+ Ke7 41. Nd1 Bf4 42. Ne3 Ne5 43. Nxc2 Rxc2 44. Kd1 Rxd2+ 45. Rxd2 Bxd2 46.
Kxd2 Nxc4+ 47. Kd3 Ne5+ 48. Kc2 Kd6 49. Rd1+ Kc6 50. Rd8 Nf3 51. Kb2 Nxh2 52.
Rh8 Kd5 53. Rxh7 Ng4 54. Rd7+ Ke4 55. Rc7 Ne5 56. Kb3 c4+ 57. Kxb4 Kxf5 58. Kc3
Ke4 59. Rh7 f5 60. Rh1 f4 61. Re1+ Kf5 62. Rf1 f3 1/2-1/2

[Event "Benidorm 2002 - sub2300"]
[Site "Benidorm ESP"]
[Date "2002.11.26"]
[Round "5.14"]
[White "Buchenau, Frank"]
[Black "Mirete Bernabe, Marco A."]
[Result "1-0"]
[WhiteElo "2276"]
[BlackElo "2190"]
[PlyCount "81"]
[EventDate "2002.11.22"]
[EventType "swiss"]
[EventRounds "9"]
[EventCountry "ESP"]
[Source "lmi"]
[SourceDate "2002.11.24"]

1. e4 e6 2. Nc3 d5 3. Nf3 Nf6 4. e5 Ne4 5. Ne2 Be7 6. h4 b6 7. d3 Nc5 8. Bf4
Nc6 9. Ned4 Qd7 10. Nxc6 Qxc6 11. d4 Na4 12. Qc1 a5 13. c3 b5 14. Bd3 Ba6 15.
O-O h6 16. Qc2 Kd7 17. Rac1 b4 18. c4 Nb6 19. b3 Ra7 20. Qe2 Qa8 21. h5 c6 22.
Rc2 dxc4 23. bxc4 Rd8 24. Be3 Na4 25. d5 Nc3 26. Rxc3 bxc3 27. d6 Bg5 28. Nxg5
hxg5 29. f4 Rb7 30. fxg5 Rf8 31. Qc2 Rb2 32. Qxc3 Qb7 33. Bc5 Rxa2 34. Rb1 Qc8
35. Qb3 Rd2 36. Qb6 Bb7 37. Qxb7+ Qxb7 38. Rxb7+ Kc8 39. Rc7+ Kb8 40. Ba7+ Ka8
41. Be4 1-0

[Event "Benidorm 2002 - sub2300"]
[Site "Benidorm ESP"]
[Date "2002.11.26"]
[Round "5.15"]
[White "Celaya Tapiz, Txema"]
[Black "Varga Nowak, Mariano"]
[Result "0-1"]
[WhiteElo "2182"]
[BlackElo "2275"]
[PlyCount "118"]
[EventDate "2002.11.22"]
[EventType "swiss"]
[EventRounds "9"]
[EventCountry "ESP"]
[Source "lmi"]
[SourceDate "2002.11.24"]

1. e4 d5 2. exd5 Nf6 3. Nc3 Nxd5 4. Bc4 Nxc3 5. Qf3 e6 6. Qxc3 Qg5 7. Qf3 Nc6
8. d3 Qe5+ 9. Qe2 Bd7 10. Qxe5 Nxe5 11. Bb3 Bc6 12. f3 O-O-O 13. Bd2 h5 14. Nh3
h4 15. O-O-O Bd6 16. Rdf1 Rh5 17. Ng5 Rf8 18. Ne4 Be7 19. Bc3 Rg8 20. f4 Ng4
21. f5 Ne3 22. fxe6 f5 23. g4 Nxg4 24. Nd2 Bxh1 25. Rxh1 g5 26. Nf3 Nh6 27. Ne5
g4 28. Nd7 Rhg5 29. Nf6 Rd8 30. Nd5 Rxd5 31. Bxd5 c6 32. Bg2 h3 33. Bf1 Rg6 34.
Bd2 Rxe6 35. Kd1 Bd6 36. d4 f4 37. Bd3 g3 38. Be2 Kc7 39. Bf3 g2 40. Rg1 Nf5
41. Bg4 Ne3+ 42. Bxe3 Rxe3 43. Bxh3 Rxh3 44. Rxg2 f3 45. Rg7+ Kb6 46. Rf7 Bxh2
47. Kd2 Bg1 48. Kd3 f2+ 49. Ke2 Re3+ 50. Kf1 Re1+ 51. Kg2 Re2 52. c4 Rxb2 53.
c5+ Ka6 54. d5 cxd5 55. c6 bxc6 56. Rf6 Kb6 57. Rf8 Rxa2 58. Kh1 Ra1 59. Rf6
f1=R 0-1

[Event "Benidorm 2002 - sub2300"]
[Site "Benidorm ESP"]
[Date "2002.11.26"]
[Round "5.16"]
[White "Bosque Ortega, Javier"]
[Black "Perez Lopez, Jesus M."]
[Result "1-0"]
[WhiteElo "2249"]
[BlackElo "2170"]
[PlyCount "103"]
[EventDate "2002.11.22"]
[EventType "swiss"]
[EventRounds "9"]
[EventCountry "ESP"]
[Source "lmi"]
[SourceDate "2002.11.24"]

1. d4 g6 2. Nf3 Bg7 3. Bf4 d6 4. e3 Nd7 5. h3 e5 6. Bh2 Qe7 7. Be2 Ngf6 8. c4
O-O 9. Nc3 c6 10. O-O Rd8 11. Qb3 Ne8 12. Qa3 f6 13. Rad1 Bf8 14. b4 Nc7 15.
Qb3 Kh8 16. c5 d5 17. e4 dxe4 18. Nxe4 Bg7 19. dxe5 fxe5 20. Nfg5 Rf8 21. Bc4
Nf6 22. Nxf6 Bxf6 23. Ne4 Bg7 24. Nd6 a5 25. a3 axb4 26. axb4 h6 27. Rfe1 Ne8
28. Nf7+ Kh7 29. Nxe5 Qg5 30. Nf3 Qh5 31. Be6 Bxe6 32. Rxe6 Nf6 33. Be5 Rae8
34. Rxe8 Nxe8 35. Bxg7 Nxg7 36. Rd7 Qf5 37. Rxb7 Qf6 38. Qd1 Rd8 39. Qe1 Re8
40. Qd2 Rd8 41. Qe3 Rd1+ 42. Kh2 Rb1 43. Qd4 Qf8 44. Ne5 h5 45. Nd7 Qc8 46.
Nf6+ Kh6 47. Ng4+ hxg4 48. Qxg7+ Kg5 49. h4+ Kf4 50. Qd4+ Kf5 51. Rf7+ Ke6 52.
Rf6+ 1-0

[Event "Benidorm 2002 - sub2300"]
[Site "Benidorm ESP"]
[Date "2002.11.26"]
[Round "5.17"]
[White "Madina, Martin"]
[Black "Salcedo Tornero, Pablo"]
[Result "1/2-1/2"]
[WhiteElo "2240"]
[BlackElo "2179"]
[PlyCount "94"]
[EventDate "2002.11.22"]
[EventType "swiss"]
[EventRounds "9"]
[EventCountry "ESP"]
[Source "lmi"]
[SourceDate "2002.11.24"]

1. Nf3 d6 2. d4 g6 3. e4 Nf6 4. Nc3 Bg7 5. Be2 O-O 6. O-O Bg4 7. Be3 Bxf3 8.
Bxf3 e5 9. d5 a5 10. Nb5 Na6 11. c3 Qe8 12. Qb3 Qd7 13. Rfd1 Ng4 14. Bxg4 Qxg4
15. f3 Qh4 16. c4 Bh6 17. Bf2 Qe7 18. a3 b6 19. Qc2 f5 20. Nc3 Bg5 21. Re1 f4
22. Kh1 Bh4 23. g3 Bg5 24. Qe2 fxg3 25. hxg3 Qf6 26. Kg2 h5 27. Rh1 Kg7 28.
Rad1 Rf7 29. f4 Raf8 30. Rhf1 Bh6 31. fxe5 dxe5 32. Bc5 Qxf1+ 33. Rxf1 Rxf1 34.
Bxf8+ Rxf8 35. Na4 Bg5 36. c5 Nxc5 37. Nxc5 bxc5 38. Qb5 Be3 39. Qxa5 Rf2+ 40.
Kh1 Rf1+ 41. Kg2 Rf2+ 42. Kh3 g5 43. Qxc7+ Kh6 44. Qd6+ Kh7 45. Qd7+ Kh6 46.
Qe6+ Kh7 47. Qd7+ Kh6 1/2-1/2

[Event "Benidorm 2002 - sub2300"]
[Site "Benidorm ESP"]
[Date "2002.11.26"]
[Round "5.18"]
[White "Garcia Amoros, Pablo"]
[Black "Jimenez Villena, Francisco"]
[Result "1-0"]
[WhiteElo "2162"]
[BlackElo "2231"]
[PlyCount "43"]
[EventDate "2002.11.22"]
[EventType "swiss"]
[EventRounds "9"]
[EventCountry "ESP"]
[Source "lmi"]
[SourceDate "2002.11.24"]

1. e4 g6 2. d4 Bg7 3. Nc3 c6 4. f4 d5 5. e5 Nh6 6. Bd3 O-O 7. Nf3 f6 8. O-O Bg4
9. h3 Bxf3 10. Rxf3 Qb6 11. Be3 Qxb2 12. Na4 Qa3 13. Nc5 b6 14. Ne6 Rc8 15. f5
g5 16. Bxg5 fxg5 17. f6 Qa4 18. fxg7 Nd7 19. Bxh7+ Kxh7 20. Qd3+ Kg8 21. Qg6 g4
22. Rf8+ 1-0

[Event "Benidorm 2002 - sub2300"]
[Site "Benidorm ESP"]
[Date "2002.11.26"]
[Round "5.19"]
[White "Cantero Navarro, Antonio"]
[Black "Ibarra Jerez, Juan Miguel"]
[Result "1-0"]
[WhiteElo "2221"]
[BlackElo "2141"]
[PlyCount "82"]
[EventDate "2002.11.22"]
[EventType "swiss"]
[EventRounds "9"]
[EventCountry "ESP"]
[Source "lmi"]
[SourceDate "2002.11.24"]

1. e4 c5 2. Nf3 e6 3. d4 cxd4 4. Nxd4 Qb6 5. Nb3 Qc7 6. Nc3 a6 7. Be3 b5 8. Bd3
Nf6 9. g4 h6 10. Qe2 Bb7 11. f3 d6 12. O-O-O Nbd7 13. h4 b4 14. Nb1 d5 15. N1d2
Ne5 16. Kb1 dxe4 17. Bxe4 Nxe4 18. fxe4 O-O-O 19. Rhg1 Kb8 20. Qf2 Rc8 21. Rc1
Ka8 22. Bb6 Qd7 23. Na5 Be7 24. b3 Bxh4 25. Qxh4 Qxd2 26. Rgd1 Qg5 27. Qe1 Qxg4
28. Nxb7 Kxb7 29. Qxb4 Ka8 30. Qa5 Kb7 31. Qxe5 Kxb6 32. Rd6+ Rc6 33. Qd4+ Kb7
34. Rd7+ Rc7 35. Rxc7+ Kxc7 36. Rd1 e5 37. Qa7+ Kc6 38. Qxa6+ Kc7 39. Qa7+ Kc6
40. Rd5 Rc8 41. Qa6+ Kc7 1-0